Euroasian Countries - Sudden Death - Statistics

General Stats
  • This quiz has been taken 57 times
  • The average score is 14 of 20
Answers on the Grid
Answers color-coded by a green-red scale on the quiz's grid according to % correct below.
Afghanistan
Albania
Algeria
Andorra
Angola
Armenia
Bahrain
Bangladesh
Benin
Bhutan
Brunei
Bulgaria
Costa Rica
Cyprus
Egypt
Fiji
Guinea
Iran
Iraq
Kosovo
Kuwait
Malta
Micronesia
Moldova
Morocco
Nepal
Nauru
Pakistan
Palau
San Marino
Turkey
Vanuatu
 
Answer Stats
Answer % Correct
Asia Afghanistan
90%
Europe Albania
90%
Asia Armenia
82%
Europe Andorra
79%
Asia Bhutan
77%
Asia Cyprus
77%
Asia Bahrain
74%
Asia Bangladesh
74%
Asia Brunei
72%
Europe Bulgaria
72%
Europe Kosovo
72%
Europe Malta
72%
Asia Iraq
69%
Asia Turkey
69%
Asia Iran
67%
Asia Kuwait
67%
Europe Moldova
64%
Asia Pakistan
62%
Europe San Marino
62%
Asia Nepal
56%
No matching quizzes found
Score Distribution
Percent of People with Each Score
Percentile by Number Answered
Your Score History
You have not taken this quiz